| 000 | 00800nam a22002177a 4500 | ||
|---|---|---|---|
| 999 |
_c15593 _d15593 |
||
| 003 | AR-CdUCM | ||
| 008 | 190429b ||||| |||| 00| 0 spa d | ||
| 040 |
_aMUNICIPALIDAD PROVINCIAL DEL CUSCO _cBIBLIOTECA MUNICIPAL DEL CUSCO |
||
| 082 |
_a347.71 / _bR46 / 1970 |
||
| 110 |
_aEl Perú y sus leyes _934721 |
||
| 245 | _aRevolucionaria ley de cambios D. L. 18275 / | ||
| 260 |
_aLima : _bEl Perú y sus leyes, _c1970. |
||
| 300 |
_a23 páginas ; _c17 cm. |
||
| 505 | _aContenido : Revolucionaria política cambiaría y monetaria -- Obligaciones 30 días -- Sistemas de venta de moneda extranjera ... | ||
| 650 |
_aLeyes _94808 |
||
| 650 |
_aDecretos legislativos _934722 |
||
| 650 |
_aPerú _935 |
||
| 700 |
_aRueda Sanchez, Gregorio _931882 |
||
| 942 |
_2ddc _cFOLLETOS |
||
| 945 |
_arah _d29/04/2019 |
||